000 00318 a2200157 4500
001 62930
020 _a8508029322
040 _cAnchieta - Pituba
100 _aSilva, Ezequiel Theodoro da
240 1 0 _aLeitura
_lpor
245 1 0 _aLeitura
300 _a115
362 0 _a2004
650 4 _aEducação
942 _cBK
999 _c62930
_d62930